[Event "Attica-ch U18 13"]
[Site "Athens"]
[Date "2012.12.23"]
[Round "3.1"]
[White "Vozikis, Antonios"]
[Black "Koutoukidis, Panagiotis"]
[Result "0-1"]
[WhiteElo "1652"]
[BlackElo "2178"]
[PlyCount "46"]
[EventDate "2012.12.22"]
[EventType "swiss"]
[EventRounds "7"]
[EventCountry "GRE"]
[SourceTitle "EXT 2024"]
[Source "ChessBase"]
[SourceDate "2023.10.10"]
[SourceVersion "1"]
[SourceVersionDate "2023.10.10"]
[SourceQuality "1"]

1. e4 c5 2. Nf3 e6 3. d4 cxd4 4. Nxd4 Nc6 5. Nc3 a6 6. Be3 Nf6 7. Be2 Qc7 8. 0-0 Bb4 9. Bd3 0-0 10. f4 d6 11. Kh1 Bxc3 12. bxc3 b5 13. e5 Nd5 14. exd6 Qxd6 15. Nf3 h6 16. c4 bxc4 17. Bxc4 Nce7 18. Bxd5 Qxd5 19. Nd4 Bb7 20. Rf3 Rfd8 21. Rg3 Nf5 22. Qg4 Nxg3+ 23. Qxg3 Qe4 0-1

[Event "GRE-ch U16"]
[Site "Rio Achaia"]
[Date "2012.06.24"]
[Round "1.2"]
[White "Stathopoulos, Ioannis"]
[Black "Vozikis, Antonios"]
[Result "1-0"]
[WhiteElo "2181"]
[BlackElo "1674"]
[PlyCount "51"]
[EventDate "2012.06.24"]
[EventType "swiss"]
[EventRounds "6"]
[EventCountry "GRE"]
[SourceTitle "EXT 2024"]
[Source "ChessBase"]
[SourceDate "2023.10.10"]
[SourceVersion "1"]
[SourceVersionDate "2023.10.10"]
[SourceQuality "1"]

1. d4 d5 2. c4 e6 3. Nc3 Be7 4. Bf4 Nf6 5. e3 b6 6. a3 Bb7 7. cxd5 Nxd5 8. Bb5+ c6 9. Nxd5 Qxd5 10. Be2 Na6 11. Nf3 g5 12. Be5 f6 13. Bg3 h5 14. h3 Kf7 15. Nd2 g4 16. f3 c5 17. Bc4 Qd7 18. Qe2 Nc7 19. dxc5 Bxc5 20. 0-0-0 Nd5 21. Ne4 Qc8 22. Kb1 Nxe3 23. Nxc5 Qxc5 24. Rd7+ Ke8 25. Rxb7 Qxc4 26. Qxe3 1-0

[Event "GRE-ch U18"]
[Site "Nikaia"]
[Date "2012.01.08"]
[Round "8"]
[White "Papadopoulos, Georgios Nikea"]
[Black "Vozikis, Antonios"]
[Result "1/2-1/2"]
[WhiteElo "1664"]
[BlackElo "1680"]
[PlyCount "136"]
[EventDate "2012.01.03"]
[EventType "swiss"]
[EventRounds "9"]
[EventCountry "GRE"]
[SourceTitle "CBM 146 Extra"]
[Source "ChessBase"]
[SourceDate "2012.02.29"]
[SourceVersion "1"]
[SourceVersionDate "2012.02.29"]
[SourceQuality "1"]

1. e4 c5 2. Nf3 d6 3. d4 cxd4 4. Nxd4 Nf6 5. f3 g6 6. c4 Bg7 7. Nc3 Nc6 8. Be3 0-0 9. Be2 Re8 10. 0-0 Qb6 11. Na4 Qd8 12. Qd2 Bd7 13. Nc3 Rc8 14. Rac1 a6 15. Rfd1 Qa5 16. b3 Qd8 17. Nd5 Nxd5 18. exd5 Nxd4 19. Bxd4 Bxd4+ 20. Qxd4 Qa5 21. Qb2 Qc5+ 22. Kh1 a5 23. a3 b6 24. Bd3 Qe3 25. Rc2 Qg5 26. Re2 Bf5 27. a4 Bxd3 28. Rxd3 Qh6 29. Rde3 Rc7 30. Qd4 Rb7 31. h3 Qg7 32. Qh4 Kf8 33. Kh2 Rc7 34. f4 f6 35. f5 g5 36. Qg4 Qf7 37. Qd4 Rb7 38. g4 h6 39. Kg1 Kg7 40. h4 Rh8 41. Rh3 Qg8 42. Reh2 Kf8 43. Qe3 Qg7 44. Qe6 Rb8 45. Qd7 gxh4 46. Rxh4 Qg5 47. Qe6 Qc1+ 48. Kf2 Qd2+ 49. Qe2 Qxe2+ 50. Kxe2 Kg7 51. R4h3 Rbc8 52. Kd3 Ra8 53. Kd4 Rac8 54. Rb2 Rc7 55. Rb1 Kf7 56. Re1 Kg7 57. Reh1 Rcc8 58. b4 Rc7 59. Rb1 Rhc8 60. Rc3 Kf7 61. bxa5 bxa5 62. Rb6 Kf8 63. Rc2 Kf7 64. Ra6 Rc5 65. Ra7 Kf8 66. Kd3 Rb8 67. Re2 Rb3+ 68. Kc2 Rb4 1/2-1/2

[Event "GRE-ch U18"]
[Site "Nikaia"]
[Date "2012.01.04"]
[Round "2"]
[White "Fidrilakis, Stavros"]
[Black "Vozikis, Antonios"]
[Result "1-0"]
[WhiteElo "1445"]
[BlackElo "1680"]
[PlyCount "115"]
[EventDate "2012.01.03"]
[EventType "swiss"]
[EventRounds "9"]
[EventCountry "GRE"]
[SourceTitle "CBM 146 Extra"]
[Source "ChessBase"]
[SourceDate "2012.02.29"]
[SourceVersion "1"]
[SourceVersionDate "2012.02.29"]
[SourceQuality "1"]

1. c4 e5 2. Nc3 Nf6 3. g3 Bc5 4. Bg2 Ng4 5. e3 d6 6. Nge2 Nc6 7. 0-0 Nf6 8. a3 a5 9. Rb1 Bf5 10. d3 0-0 11. Na4 Nd7 12. Nec3 Ba7 13. b4 axb4 14. axb4 Nb6 15. b5 Na5 16. Rb4 Nxa4 17. Nxa4 Bc5 18. Rb2 Ba3 19. Rb1 Bxc1 20. Rxc1 Rb8 21. Nc3 b6 22. Na2 Bc8 23. Nb4 Bd7 24. Ra1 Bc8 25. Rxa5 bxa5 26. Nc6 Qg5 27. h4 Bg4 28. hxg5 Bxd1 29. Nxb8 Be2 30. Re1 Bxd3 31. Nc6 Bxc4 32. Nxa5 Bxb5 33. Nc6 Bc4 34. Rc1 Be6 35. Ne7+ Kh8 36. Rxc7 g6 37. Bd5 Re8 38. Bxe6 fxe6 39. Rc8 Rxc8 40. Nxc8 d5 41. f4 e4 42. Ne7 Kg7 43. Nc6 h6 44. gxh6+ Kxh6 45. Nd4 g5 46. Nxe6 gxf4 47. gxf4 Kg6 48. Nc7 d4 49. exd4 Kf5 50. d5 Kxf4 51. d6 Kf3 52. Kf1 Ke3 53. Ke1 Kf3 54. d7 Ke3 55. d8Q Kf3 56. Qf6+ Ke3 57. Nd5+ Kd3 58. Qc3# 1-0

[Event "GRE-ch U18"]
[Site "Nikaia"]
[Date "2012.01.04"]
[Round "3"]
[White "Vozikis, Antonios"]
[Black "Koutoukidis, Panagiotis"]
[Result "1/2-1/2"]
[WhiteElo "1680"]
[BlackElo "2172"]
[PlyCount "71"]
[EventDate "2012.01.03"]
[EventType "swiss"]
[EventRounds "9"]
[EventCountry "GRE"]
[SourceTitle "CBM 146 Extra"]
[Source "ChessBase"]
[SourceDate "2012.02.29"]
[SourceVersion "1"]
[SourceVersionDate "2012.02.29"]
[SourceQuality "1"]

1. e4 c6 2. d4 d5 3. Nd2 dxe4 4. Nxe4 Nd7 5. Nf3 Ngf6 6. Nxf6+ Nxf6 7. h3 Bf5 8. Bd3 Bxd3 9. Qxd3 e6 10. Bg5 Be7 11. Bxf6 Bxf6 12. 0-0 0-0 13. Rad1 Qb6 14. Qc4 Rfd8 15. c3 Rd7 16. Rd2 Rad8 17. Rfd1 h6 18. Qe2 Qa5 19. a3 Qf5 20. Qe3 a6 21. Qe2 g6 22. Qe3 Kg7 23. Qe2 h5 24. h4 Rd5 25. Qe3 Qg4 26. g3 Qf5 27. Kg2 Kh7 28. Re1 c5 29. dxc5 Rxc5 30. Rxd8 Bxd8 31. Rd1 Rd5 32. Rxd5 Qxd5 33. Qf4 Kg7 34. c4 Qc6 35. b3 Bf6 36. Qe3 1/2-1/2

[Event "GRE-ch U18"]
[Site "Nikaia"]
[Date "2012.01.03"]
[Round "1"]
[White "Vozikis, Antonios"]
[Black "Theodorou, Nikolas"]
[Result "0-1"]
[WhiteElo "1680"]
[BlackElo "2013"]
[PlyCount "123"]
[EventDate "2012.01.03"]
[EventType "swiss"]
[EventRounds "9"]
[EventCountry "GRE"]
[SourceTitle "CBM 146 Extra"]
[Source "ChessBase"]
[SourceDate "2012.02.29"]
[SourceVersion "1"]
[SourceVersionDate "2012.02.29"]
[SourceQuality "1"]

1. e4 e6 2. d4 d5 3. exd5 exd5 4. Nf3 Bd6 5. Be2 Ne7 6. 0-0 Nbc6 7. Nc3 Bf5 8. Nb5 a6 9. Nxd6+ Qxd6 10. c3 f6 11. a4 0-0 12. b3 Rfe8 13. Nh4 Be6 14. Bd3 Bf7 15. Qg4 Be6 16. Qh5 f5 17. Bxf5 Bxf5 18. Nxf5 Nxf5 19. Qxf5 Qe6 20. Qxe6+ Rxe6 21. Bf4 Na5 22. Rab1 Rc6 23. c4 dxc4 24. bxc4 Rd8 25. Be3 Rxc4 26. Rfc1 b6 27. Rxc4 Nxc4 28. Rc1 b5 29. axb5 axb5 30. Kf1 Kf7 31. Ke2 Ke6 32. Ra1 Kd5 33. Ra7 Kc6 34. Kd3 Kb6 35. Ra2 Kb7 36. Kc3 c6 37. Ra1 Nb6 38. Re1 Nd5+ 39. Kb3 Re8 40. Bd2 Rxe1 41. Bxe1 Nf4 42. g3 Nd3 43. Bd2 Nxf2 44. h4 Kc7 45. Bf4+ Kd7 46. Kc3 Ke6 47. Kd2 Kd5 48. Ke2 Ne4 49. Kd3 h5 50. Be5 g6 51. Bf4 b4 52. Bc7 b3 53. Bf4 b2 54. Kc2 Kxd4 55. Kxb2 Kd3 56. Kb3 Ke2 57. Kc4 Kf3 58. Kd4 Nxg3 59. Ke5 Nf5 60. Bg5 Kg4 61. Kf6 Nxh4 62. Be3 0-1